| 000 | 00878cam a2200277 a 4500 | ||
|---|---|---|---|
| 003 | CO-ViMGA | ||
| 005 | 20230915232204.0 | ||
| 008 | 140710r19922013mx a jr 000 j spa d | ||
| 020 | _a9789681637668 | ||
| 040 |
_aCO-ViMGA _bspa _cCO-ViMGA |
||
| 041 | 1 | _heng | |
| 043 | _an-us--- | ||
| 082 | 0 | 4 |
_aI813 _bW15e _221 |
| 100 | 1 |
_aWalsh, Ellen Stoll _91485 |
|
| 245 | 1 | 0 |
_aCuenta ratones _cEllen Stoll Walsh ; traducción Gerardo Cabello |
| 250 | _a1a ed. | ||
| 260 |
_aMéxico _bFondo de Cultura Económica _c1992 _g(impresión de 2013). |
||
| 300 |
_a[32] p. _bilustraciones _c19 x 23 cm. |
||
| 534 | _tMouse count. | ||
| 650 | 1 | 4 |
_aCuentos infantiles estadounidenses _9299 |
| 650 | 2 | 4 |
_aNúmeros _vCuentos infantiles _91487 |
| 650 | 2 | 4 |
_aRatones _vCuentos infantiles _983 |
| 650 | 2 | 4 |
_aSuma _vCuentos infantiles _91486 |
| 700 | 1 |
_aCabello, Gerardo _eTr. _91488 |
|
| 942 |
_2ddc _cBK |
||
| 999 |
_c3203 _d3203 |
||